000 nam a22 7a 4500
999 _c8453
_d8453
008 180116b ||||| |||| 00| 0 eng d
100 _aMonica.etal.
_94852
245 _aDraw colour
260 _aNew Delhi
_bOxbridge
_c2007